<?xml version="1.0" encoding="UTF-8"?>
<record
    xmlns:xsi="http://www.w3.org/2001/XMLSchema-instance"
    xsi:schemaLocation="http://www.loc.gov/MARC21/slim http://www.loc.gov/standards/marcxml/schema/MARC21slim.xsd"
    xmlns="http://www.loc.gov/MARC21/slim">

  <leader>02399nkm0a2200421   4500</leader>
  <controlfield tag="001">RU\NLR\BIBL_A\022770228</controlfield>
  <controlfield tag="005">20260426073040.0</controlfield>
  <datafield tag="035" ind1=" " ind2=" ">
    <subfield code="a">(NLR Aleph) 022770228</subfield>
  </datafield>
  <datafield tag="090" ind1=" " ind2=" ">
    <subfield code="a">13693493</subfield>
    <subfield code="c">13693493</subfield>
  </datafield>
  <datafield tag="100" ind1=" " ind2=" ">
    <subfield code="a">20260426              rusy50        </subfield>
  </datafield>
  <datafield tag="101" ind1="0" ind2=" ">
    <subfield code="a">rus</subfield>
  </datafield>
  <datafield tag="102" ind1=" " ind2=" ">
    <subfield code="a">RU</subfield>
  </datafield>
  <datafield tag="116" ind1=" " ind2=" ">
    <subfield code="a">iiycxx    zz    ad</subfield>
  </datafield>
  <datafield tag="135" ind1=" " ind2=" ">
    <subfield code="a">crcn 024anaba</subfield>
  </datafield>
  <datafield tag="181" ind1=" " ind2="0">
    <subfield code="a">b4</subfield>
    <subfield code="b">xb2e  </subfield>
  </datafield>
  <datafield tag="182" ind1=" " ind2="0">
    <subfield code="a">n</subfield>
  </datafield>
  <datafield tag="200" ind1="1" ind2=" ">
    <subfield code="a">&#x41F;&#x435;&#x442;&#x440;&#x43E;&#x433;&#x440;&#x430;&#x434;&#x441;&#x43A;&#x43E;&#x435; &#x441;&#x442;&#x440;&#x43E;&#x438;&#x442;&#x435;&#x43B;&#x44C;&#x43D;&#x43E;&#x435; &#x430;&#x43A;&#x446;&#x438;&#x43E;&#x43D;&#x435;&#x440;&#x43D;&#x43E;&#x435; &#x43E;&#x431;&#x449;&#x435;&#x441;&#x442;&#x432;&#x43E;</subfield>
    <subfield code="e">&#x43F;&#x440;&#x43E;&#x434;&#x430;&#x436;&#x430; &#x437;&#x435;&#x43C;&#x435;&#x43B;&#x44C;&#x43D;&#x44B;&#x445; &#x443;&#x447;&#x430;&#x441;&#x442;&#x43A;&#x43E;&#x432; &#x441; &#x43B;&#x44C;&#x433;&#x43E;&#x442;&#x43D;&#x43E;&#x439; &#x440;&#x430;&#x437;&#x441;&#x440;&#x43E;&#x447;&#x43A;&#x43E;&#x439; [!] &#x43F;&#x43B;&#x430;&#x442;&#x435;&#x436;&#x430;</subfield>
    <subfield code="e">1. &#x41A;&#x440;&#x435;&#x441;&#x442;&#x43E;&#x432;&#x441;&#x43A;&#x438;&#x439; &#x43E;&#x441;&#x442;&#x440;&#x43E;&#x432;</subfield>
    <subfield code="e">2. &#x41B;&#x435;&#x441;&#x43D;&#x43E;&#x439;-&#x41A;&#x443;&#x448;&#x435;&#x43B;&#x435;&#x432;&#x43A;&#x430;</subfield>
    <subfield code="e">&#x43F;&#x43B;&#x430;&#x43D;&#x44B; &#x438; &#x43F;&#x440;&#x43E;&#x441;&#x43F;&#x435;&#x43A;&#x442;&#x44B; &#x43F;&#x43E; &#x442;&#x440;&#x435;&#x431;&#x43E;&#x432;&#x430;&#x43D;&#x438;&#x44E; &#x431;&#x435;&#x437;&#x43F;&#x43B;&#x430;&#x442;&#x43D;&#x43E; [!]</subfield>
    <subfield code="e">[&#x43F;&#x43B;&#x430;&#x43A;&#x430;&#x442;]</subfield>
  </datafield>
  <datafield tag="203" ind1=" " ind2=" ">
    <subfield code="a">&#x418;&#x437;&#x43E;&#x431;&#x440;&#x430;&#x436;&#x435;&#x43D;&#x438;&#x435;</subfield>
    <subfield code="b">&#x43D;&#x435;&#x43F;&#x43E;&#x434;&#x432;&#x438;&#x436;&#x43D;&#x43E;&#x435;</subfield>
    <subfield code="b">&#x434;&#x432;&#x443;&#x445;&#x43C;&#x435;&#x440;&#x43D;&#x43E;&#x435;</subfield>
    <subfield code="b">&#x432;&#x438;&#x437;&#x443;&#x430;&#x43B;&#x44C;&#x43D;&#x43E;&#x435;</subfield>
    <subfield code="c">&#x43D;&#x435;&#x43F;&#x43E;&#x441;&#x440;&#x435;&#x434;&#x441;&#x442;&#x432;&#x435;&#x43D;&#x43D;&#x43E;&#x435;</subfield>
  </datafield>
  <datafield tag="210" ind1=" " ind2=" ">
    <subfield code="a">&#x41F;&#x435;&#x442;&#x440;&#x43E;&#x433;&#x440;&#x430;&#x434;</subfield>
    <subfield code="c">[&#x431;. &#x438;.</subfield>
    <subfield code="d">&#x43C;&#x435;&#x436;&#x434;&#x443; 1914 &#x438; 1917]</subfield>
  </datafield>
  <datafield tag="215" ind1=" " ind2=" ">
    <subfield code="a">1 &#x43B;. (7 &#x438;&#x437;&#x43E;&#x431;&#x440;.)</subfield>
    <subfield code="c">&#x444;&#x43E;&#x442;&#x43E;&#x43C;&#x435;&#x445;. &#x43F;&#x435;&#x447;.</subfield>
    <subfield code="d">78,8&#x445;68,5</subfield>
  </datafield>
  <datafield tag="300" ind1=" " ind2=" ">
    <subfield code="a">&#x41D;&#x430; &#x43B;. &#x442;&#x430;&#x43A;&#x436;&#x435; &#x43F;&#x440;&#x435;&#x434;&#x441;&#x442;&#x430;&#x432;&#x43B;&#x435;&#x43D;&#x44B;: &#x43F;&#x43B;&#x430;&#x43D; &#x438;&#x43C;&#x435;&#x43D;&#x438;&#x44F; &#x41A;&#x443;&#x448;&#x435;&#x43B;&#x435;&#x432;&#x43A;&#x430;; &#x43F;&#x440;&#x43E;&#x435;&#x43A;&#x442; &#x440;&#x430;&#x437;&#x431;&#x438;&#x432;&#x43A;&#x438; &#x41A;&#x440;&#x435;&#x441;&#x442;&#x43E;&#x432;&#x441;&#x43A;&#x43E;&#x433;&#x43E; &#x43E;&#x441;&#x442;&#x440;&#x43E;&#x432;&#x430; &#x43D;&#x430; &#x441;&#x442;&#x440;&#x43E;&#x438;&#x442;&#x435;&#x43B;&#x44C;&#x43D;&#x44B;&#x435; &#x43A;&#x432;&#x430;&#x440;&#x442;&#x430;&#x43B;&#x44B;</subfield>
  </datafield>
  <datafield tag="300" ind1=" " ind2=" ">
    <subfield code="a">&#x426;&#x435;&#x43D;&#x437;. &#x440;&#x430;&#x437;&#x440;&#x435;&#x448;.: "&#x41F;&#x435;&#x447;&#x430;&#x442;&#x430;&#x442;&#x44C; &#x440;&#x430;&#x437;&#x440;&#x435;&#x448;&#x435;&#x43D;&#x43E; 9 &#x441;&#x435;&#x43D;&#x442;&#x44F;&#x431;&#x440;&#x44F; &#x437;&#x430; &#x2116; 9610 &#x437;&#x430; &#x41F;&#x435;&#x442;&#x440;&#x43E;&#x433;&#x440;. &#x413;&#x440;&#x430;&#x434;&#x43E;&#x43D;. &#x41A;&#x430;&#x43C;&#x435;&#x440;&#x433;&#x435;&#x440; &#x41B;&#x44B;&#x441;&#x43E;&#x433;&#x43E;&#x440;&#x441;&#x43A;&#x438;&#x43C;"</subfield>
  </datafield>
  <datafield tag="325" ind1=" " ind2=" ">
    <subfield code="a">&#x41A;&#x43E;&#x43F;&#x438;&#x44F; &#x434;&#x43E;&#x441;&#x442;&#x443;&#x43F;&#x43D;&#x430; &#x432; &#x42D;&#x43B;&#x435;&#x43A;&#x442;&#x440;&#x43E;&#x43D;. &#x431;-&#x43A;&#x435; &#x420;&#x41D;&#x411;</subfield>
  </datafield>
  <datafield tag="606" ind1="1" ind2=" ">
    <subfield code="a">&#x420;&#x435;&#x43A;&#x43B;&#x430;&#x43C;&#x43D;&#x44B;&#x439; &#x43F;&#x43B;&#x430;&#x43A;&#x430;&#x442; &#x440;&#x443;&#x441;&#x441;&#x43A;&#x438;&#x439;</subfield>
    <subfield code="z">1868 - 1917</subfield>
    <subfield code="9">2200006</subfield>
    <subfield code="3">RU\NLR\AUTH\6601557021</subfield>
  </datafield>
  <datafield tag="686" ind1=" " ind2=" ">
    <subfield code="a">&#x429;153(2&#x420;=&#x420;&#x443;&#x441;)53-466</subfield>
  </datafield>
  <datafield tag="711" ind1="0" ind2="2">
    <subfield code="a">&#x41F;&#x435;&#x442;&#x440;&#x43E;&#x433;&#x440;&#x430;&#x434;&#x441;&#x43A;&#x43E;&#x435; &#x441;&#x442;&#x440;&#x43E;&#x438;&#x442;. &#x430;&#x43A;&#x446;&#x438;&#x43E;&#x43D;&#x435;&#x440;&#x43D;&#x43E;&#x435; &#x43E;-&#x432;&#x43E;</subfield>
    <subfield code="9">474290</subfield>
    <subfield code="3">RU\NLR\AUTH\889989386</subfield>
  </datafield>
  <datafield tag="852" ind1="0" ind2="0">
    <subfield code="a">NLR</subfield>
    <subfield code="b">&#x42D;</subfield>
    <subfield code="j">&#x420;.&#x420;&#x443;&#x441;./&#x422;&#x43E;&#x440;&#x433;.3/2</subfield>
    <subfield code="m">&#x42D;&#x430;&#x444;10702</subfield>
  </datafield>
  <datafield tag="852" ind1="0" ind2="0">
    <subfield code="a">NLR</subfield>
    <subfield code="b">&#x42D;</subfield>
    <subfield code="j">&#x420;.&#x420;&#x443;&#x441;./&#x422;&#x43E;&#x440;&#x433;.3/2</subfield>
    <subfield code="m">&#x42D;&#x430;&#x444;10703</subfield>
  </datafield>
  <datafield tag="856" ind1=" " ind2="0">
    <subfield code="u">https://vivaldi.nlr.ru/la700001836/view</subfield>
  </datafield>
  <datafield tag="856" ind1=" " ind2="1">
    <subfield code="u">https://vivaldi.nlr.ru/la700001836/cover</subfield>
  </datafield>
  <datafield tag="856" ind1=" " ind2="2">
    <subfield code="u">https://vivaldi.nlr.ru/la700001836/text</subfield>
  </datafield>
  <datafield tag="942" ind1=" " ind2=" ">
    <subfield code="c">VISUAL</subfield>
  </datafield>
  <datafield tag="980" ind1=" " ind2=" ">
    <subfield code="a">NB</subfield>
  </datafield>
  <datafield tag="981" ind1="1" ind2="7">
    <subfield code="a">(17) &#x418;&#x437;&#x43E;&#x433;&#x440;&#x430;&#x444;&#x438;&#x447;&#x435;&#x441;&#x43A;&#x438;&#x435; &#x43C;&#x430;&#x442;&#x435;&#x440;&#x438;&#x430;&#x43B;&#x44B;</subfield>
    <subfield code="b">(17) &#x41F;&#x43B;&#x430;&#x43A;&#x430;&#x442;&#x44B;</subfield>
  </datafield>
</record>
